E-commerce - strategie a projekty v maloobchodě

Problematika stratégie a projektov v maloobchode. Základné okruhy motivujúce zavedenie stratégie e-commerce veľkými obchodnými spoločnosťami.

Enregistré dans:
Détails bibliographiques
Format: Chapitre de livre
Langue:tchèque
Sujets:
Tags: Ajouter un tag
Pas de tags, Soyez le premier à ajouter un tag!

MARC

LEADER 00000naa a2200000 4500
001 r042886
005 20230522105828.8
041 0 |a cze 
044 |a CZ 
245 1 0 |a E-commerce - strategie a projekty v maloobchodě 
520 |a Problematika stratégie a projektov v maloobchode. Základné okruhy motivujúce zavedenie stratégie e-commerce veľkými obchodnými spoločnosťami. 
610 2 0 |a obchod elektronický 
610 2 0 |a technika výpočtová 
610 2 0 |a maloobchod 
610 2 0 |a technológie informačné 
610 2 0 |a technológie obchodné